|
|
|
|
| LEADER |
00739cam a2200193 7i4500 |
| 001 |
0000028455 |
| 005 |
20030610090000.0 |
| 020 |
# |
0 |
|a 9839932810
|
| 090 |
0 |
0 |
|a NB 1880
|b M3 P258
|
| 100 |
1 |
# |
|a Perret
|
| 245 |
1 |
0 |
|a Kompleks makam Ulu Sungai Che Omar dan Bukit Telepok
|c Daniel Perret & Kamarudin Ab. Razak.
|
| 260 |
# |
# |
|a Johor:
|b Yayasan Warisan Johor,
|c 1998.
|
| 300 |
# |
# |
|a 120 p., [16] p. of plates:
|b col. ill., maps.;
|c 24 cm.
|
| 504 |
0 |
0 |
|a Mengandungi rujukan bibliografi (p. [115]-118) dan indeks
|
| 650 |
0 |
0 |
|a Sepulchral monuments --
|z Malaysia --
|z Johor
|
| 650 |
0 |
0 |
|a Tombs --
|z Malaysia --
|z Johor
|
| 650 |
0 |
0 |
|a Mausoleums --
|z Malaysia --
|z Johor
|
| 700 |
0 |
1 |
|a kamarudin Ab. Razak
|
| 999 |
|
|
|a 1100012608
|b Book
|c Open Shelf
|e KOLEKSI TERBUKA
|